000 01318cam a22001934a 4500
005 20250605164359.0
008 250528s ||||||||||||||||||||||||d
035 _a24485
040 _aGR-AtMCL
_bgre
_dGR-AtMCL
_eAACR2
245 1 _aΣτη Μάχη κατά του 'Short Tourism' στον Δρόμο Υπέρ του 'Brand Activism'. / Αγωνία για τη Διαφημιστική Δαπάνη του 2020
260 _c2019
300 _a50
520 _aΒιώνοντας όλο το Βάθος και Εύρος των Εμπειριών του Καταναλωτή, Video Content στα Ελληνικά Sites: Οι Έλληνες το Αγαπούν, Επετειακή Απονομή με Άρωμα Oscar, Disruption στους Άξονες της Βιωσιμότητας και της Πελατοκεντρικότητας, Data Inspired Creativity το Μέλλον της Αγοράς, Το Myblu Καινοτομεί με το Νέο Blue Ice με 0% Νικοτίνη, Engagement και Storytelling και Integration 'Κερδίζουν τη Μάχη' για τα PR, Στοχεύοντας στο Βέλτιστο Customer Experience.
700 1 _aΚορδελάς Δημήτρης
_99464
942 _cCR
710 2 _aThe Marketing Week
_99825
999 _c9363
_d9363